The economic problem (Registro nro. 5503)
[ vista simple ]
| 000 -LEADER | |
|---|---|
| fixed length control field | 01556 a2200205 4500 |
| 001 - CONTROL NUMBER | |
| control field | 54341 |
| 005 - DATE AND TIME OF LATEST TRANSACTION | |
| control field | 20260407155815.0 |
| 008 - FIXED-LENGTH DATA ELEMENTS--GENERAL INFORMATION | |
| fixed length control field | 260407a1968 arg spa d |
| 003 - CONTROL NUMBER IDENTIFIER | |
| control field | AR-UNSa-BCEJYS |
| 040 ## - CATALOGING SOURCE | |
| Original cataloging agency | AR-UNSa-BCEJYS |
| Language of cataloging | spa |
| Transcribing agency | AR-UNSa-BCEJYS |
| 080 ## - UNIVERSAL DECIMAL CLASSIFICATION NUMBER | |
| Universal Decimal Classification number | 330 |
| Common auxiliary subdivision | Economía en general |
| 041 ## - LANGUAGE CODE | |
| Language code of text/sound track or separate title | spa |
| 100 1# - MAIN ENTRY--PERSONAL NAME | |
| Personal name | Heilbroner, Robert L. |
| 245 10 - TITLE STATEMENT | |
| Title | The economic problem |
| 264 #1 - PRODUCTION, PUBLICATION, DISTRIBUTION, MANUFACTURE, AND COPYRIGHT NOTICE | |
| Place of production, publication, distribution, manufacture | New Jersey : |
| Name of producer, publisher, distributor, manufacturer | Prentice-Hall |
| Date of production, publication, distribution, manufacture, or copyright notice | 1968 |
| 300 ## - PHYSICAL DESCRIPTION | |
| Extent | xx, 652 p. |
| Dimensions | 23 cm. |
| 505 ## - FORMATTED CONTENTS NOTE | |
| Formatted contents note | 1. The economic problem - 2. The pre-market economy - 3. The emergence of the market sociesty - 4. The industrial revolution - 5. The impact og industrial technology - 6. The change in market structure - 7. The Great Depression - 8. The evolution of guided capitalism - 9. Wealth and output - 10. Output and income - 11. Saving and investment - 12. The consumption sector - 13. The investment sector - 14. Investment and equilibrium - 15. The government sector - 16. Money - 17. Money and the macro system - 18. Employment and output - 19. The problem of growth - 20. Introduction to the microeconomy - 21. The market for goods - 22. The market in movement - 23. The market for factors - 24. The firm in the factor market - 25. The equilibrium of the firm - 26. Competition in the real world - 27. The market system in review - 28. The gains from trade - 29. The problem of international transactions - 30. The drift of European economic history - 31. The underdeveloped world - 32. The trajectory of economic society |
| 590 ## - LOCAL NOTE (RLIN) | |
| Local note | niveau_biblio:m niveau_hierar:0 |
| 942 ## - ADDED ENTRY ELEMENTS (KOHA) | |
| Koha item type | |
| Withdrawn status | Lost status | Damaged status | Not for loan | Home library | Current library | Shelving location | Date acquired | Total checkouts | Full call number | Barcode | Date last seen | Price effective from | Koha item type |
|---|---|---|---|---|---|---|---|---|---|---|---|---|---|
| Biblioteca Prof. Eusebio Cleto del Rey | Biblioteca Prof. Eusebio Cleto del Rey | 07/04/2026 | 330 H466 | L22059 | 07/04/2026 | 07/04/2026 | Libro |